[Event "Bad Bevensen Seniors op 12th"]
[Site "Bad Bevensen"]
[Date "2009.07.13"]
[Round "7"]
[White "Eickhoff, Hermann"]
[Black "Lenk, Konrad"]
[Result "1/2-1/2"]
[WhiteElo "1848"]
[BlackElo "1762"]
[PlyCount "88"]
[EventDate "2009.07.07"]
[EventType "swiss"]
[EventRounds "9"]
[EventCountry "GER"]
[SourceTitle "EXT 2022"]
[Source "ChessBase"]
[SourceDate "2021.10.06"]
[SourceVersion "1"]
[SourceVersionDate "2021.10.06"]
[SourceQuality "1"]

1. e4 e6 2. d4 d5 3. e5 c5 4. c3 Nc6 5. f4 Bd7 6. Nf3 c4 7. b3 b5 8. Be2 Be7 9. 0-0 g6 10. Ng5 h6 11. Nf3 h5 12. a4 a6 13. Na3 Na5 14. Nd2 Nh6 15. b4 Nb7 16. Bf3 Qc8 17. a5 Qc7 18. Nc2 0-0-0 19. Ne3 Bc6 20. g4 hxg4 21. Nxg4 Nxg4 22. Bxg4 Rdf8 23. Nf3 Qd8 24. Ra2 Bd7 25. Ng5 Qe8 26. Qe1 Nd8 27. Rg2 Rfg8 28. h4 Qf8 29. Be3 Kc7 30. Rh2 Nc6 31. Bd2 Bxg5 32. fxg5 Ne7 33. Rf6 Rg7 34. Qg3 Nf5 35. Bxf5 gxf5 36. h5 Qg8 37. g6 Be8 38. Bg5 fxg6 39. hxg6 Rxh2 40. Kxh2 Rxg6 41. Rxg6 Qxg6 42. Qh4 Qh5 43. Kg3 Qxh4+ 44. Kxh4 Bc6 1/2-1/2

[Event "Bad Bevensen Seniors op 12th"]
[Site "Bad Bevensen"]
[Date "2009.07.12"]
[Round "6"]
[White "Hunold, Rolf"]
[Black "Eickhoff, Hermann"]
[Result "1-0"]
[WhiteElo "1977"]
[BlackElo "1848"]
[PlyCount "81"]
[EventDate "2009.07.07"]
[EventType "swiss"]
[EventRounds "9"]
[EventCountry "GER"]
[SourceTitle "EXT 2022"]
[Source "ChessBase"]
[SourceDate "2021.10.06"]
[SourceVersion "1"]
[SourceVersionDate "2021.10.06"]
[SourceQuality "1"]

1. e4 c5 2. Nf3 Nc6 3. d4 cxd4 4. Nxd4 Nf6 5. Nc3 e6 6. Ndb5 d6 7. Bf4 e5 8. Bg5 a6 9. Bxf6 gxf6 10. Na3 f5 11. Bd3 f4 12. Qh5 Be6 13. 0-0-0 b5 14. Nd5 Na5 15. g3 Bxd5 16. exd5 Qf6 17. Rhe1 fxg3 18. hxg3 Qh6+ 19. Qxh6 Bxh6+ 20. Kb1 Bg7 21. Rh1 h6 22. c3 0-0 23. g4 f6 24. Bf5 Kf7 25. Nc2 Nb7 26. Ne3 Rh8 27. Be6+ Ke8 28. Nf5 Bf8 29. f4 Nc5 30. fxe5 dxe5 31. b4 Ne4 32. Rc1 a5 33. Rh2 axb4 34. cxb4 Bxb4 35. Rhc2 Nd2+ 36. Rxd2 Bxd2 37. Rc7 Bb4 38. d6 Kd8 39. Rd7+ Ke8 40. Ng7+ Kf8 41. Rf7+ 1-0

[Event "Bad Bevensen Seniors op 12th"]
[Site "Bad Bevensen"]
[Date "2009.07.11"]
[Round "5"]
[White "Eickhoff, Hermann"]
[Black "Jentsch, Dieter"]
[Result "1/2-1/2"]
[WhiteElo "1848"]
[BlackElo "2004"]
[PlyCount "29"]
[EventDate "2009.07.07"]
[EventType "swiss"]
[EventRounds "9"]
[EventCountry "GER"]
[SourceTitle "EXT 2022"]
[Source "ChessBase"]
[SourceDate "2021.10.06"]
[SourceVersion "1"]
[SourceVersionDate "2021.10.06"]
[SourceQuality "1"]

1. c4 e6 2. g3 d5 3. Bg2 Nf6 4. cxd5 exd5 5. d4 Nc6 6. Nc3 Bf5 7. Qb3 Nb4 8. e4 Nxe4 9. a3 Nd3+ 10. Ke2 Ndxf2 11. Bf4 Nxc3+ 12. Kxf2 Ne4+ 13. Kf1 Bd6 14. Nf3 Bxf4 15. gxf4 1/2-1/2